8 Secrets of happy life / (Record no. 142321)

MARC details
000 -LEADER
fixed length control field 00534nam a22001817a 4500
005 - DATE AND TIME OF LATEST TRANSACTION
control field 20170706123919.0
010 ## - LCCN (DPL NO)
LC control number ENG-119117
020 ## - INTERNATIONAL STANDARD BOOK NUMBER
International Standard Book Number 8190157788
Terms of availability 450.00
035 ## - SYSTEM CONTROL NUMBER
System control number EN-102649
037 ## - SOURCE OF ACQUISITION
Source of stock number/acquisition DBAD/PUB
082 ## - DEWEY DECIMAL CLASSIFICATION NUMBER
Classification number 158.1
100 ## - MAIN ENTRY--PERSONAL NAME
Personal name Satya prakash
245 ## - TITLE STATEMENT
Title 8 Secrets of happy life /
Statement of responsibility, etc by Satya prakash
260 ## - PUBLICATION, DISTRIBUTION, ETC. (IMPRINT)
Name of publisher, distributor, etc Metro publishing company
Date of publication, distribution, etc 2016
Place of publication, distribution, etc Delhi
270 ## - ADDRESS
Address 1/2, gali no. 5 vishwas nagar shadhara
City Delhi
Postal code 110032
300 ## - PHYSICAL DESCRIPTION
Extent 223.p. :
Dimensions 22cm(Hb)
Other physical details ill.
942 ## - ADDED ENTRY ELEMENTS (KOHA)
Source of classification or shelving scheme Dewey Decimal Classification
Item type English Books
Classification part 158.1
Call number suffix SAT
Holdings
Withdrawn status Lost status Not for loan Collection code Home library Current library Date acquired Source of acquisition Cost, normal purchase price Full call number Barcode Copy number Cost, replacement price Koha item type
    Not For Loan Non-fiction D.B.Act.Division Bawana 06/07/2017 DBAD/PUB 450.00 158.1 SAT EN-102649 1 450.00 English Books

© Delhi Public Library
Hit Counter
free hit counter